Isogram Breakdown Puzzle #6 - Statistics

General Stats
  • This quiz has been taken 555 times
  • The average score is 15 of 24
Answer Stats
Hint Answer % Correct
Do artwork Paint
92%
City-based Urban
87%
Cost, value Price
81%
Genetic copy Clone
78%
Aerosol mist Spray
78%
Thespian Actor
75%
Long walks Hikes
75%
Vegetables with hearts ARTICHOKES
71%
Bird watcher's need BINOCULARS
69%
Tendency to fall asleep NARCOLEPSY
68%
Rugby tussle Scrum
68%
Caribb. Saint Lucia
65%
Expiring Dying
62%
Handwritten document MANUSCRIPT
62%
Greek wraps Gyros
57%
Large thigh muscles QUADRICEPS
57%
Police force Squad
56%
Spiral shapes Coils
52%
Solar event Flare
50%
⌘ P Print
41%
Fake duck Decoy
40%
Tiramisu component LADYFINGER
36%
In a courteous manner GRACIOUSLY
33%
The cracking of a code DECRYPTION
22%
No matching quizzes found
Score Distribution
Percent of People with Each Score
Percentile by Number Answered
Your Score History
You have not taken this quiz